Mort subite Vrai/Faux sur Notre-Dame de Paris - Statistiques

Statistiques générales
  • Ce quiz a été pris 53 fois
  • Le résultat moyen est 4 sur 28
Answers on the Grid
Answers color-coded by a green-red scale on the quiz's grid according to % correct below.
La cathédrale est située sur l'île de la Cité à Paris
L'évêque qui a lancé sa construction portait le même nom qu'un ministre de Henri IV
Le prénom de l'architecte Viollet-le-Duc qui a restauré la cathédrale est Henri
Napoléon 1er y a été sacré en 1800
Les obsèques du président Félix Faure se déroulent à Notre-Dame en 1899
A la Libération de Paris en 1944 on y a chanté un Magnificat
On a célébré en 2003 le 950e anniversaire de sa construction
Avant l'incendie, elle recevait entre 13 et 14 millions de visiteurs par an
L'incendie qui a détruit la toiture a eu lieu le lendemain des Rameaux en 2019
A l'emplacement de Notre-Dame on a longtemps cru que se trouvait autrefois un temple dédié à Mars
Notre-Dame est la cinquième église à être édifiée sur le site
On peut voir la cathédrale sur "La descente du Saint-Esprit" une enluminure de Nicolas Fouquet du XVe siècle
Quand débute la construction de Notre-Dame, Paris compte environ 25000 habitants
La construction de Notre-Dame débute sous le règne de Louis VII
La construction a débuté par le choeur
Un incendie aurait détruit la charpente supérieure en 1225/1230
Le jubé de la cathédrale est détruit sous le règne de Louis XV
Une partie des vitraux médiévaux ont été détruits en 1756
Gobel, évêque de Paris de 1791 à 1793 a été guillotiné avec Robespierre
Les rois qui ornaient la façade étaient les rois de France depuis Clovis
On a célébré à Notre-Dame le culte de la déesse Raison
Victor Hugo a écrit Notre-Dame de Paris en 1831
Lors de la restauration du XIXe on a remplacé plus de 100 statues
Les célèbres chimères sont du XIIIe siècle
La cathédrale a été légèrement endommagée en 1918
Les statues qui entouraient la flèche de la cathédrale ont été enlevées un mois avant l'incendie de 2019
650 pompiers sont intervenu sur l'incendie de 2019
340000 donateurs ont donné plus de 800 millions d'euros pour la restauration de Notre-Dame
Saint-Louis a déposé la couronne d'épines du Christ à Notre-Dame en 1279
Les premiers états généraux du royaume se sont tenus à Notre-Dame en 1302
Le futur Henri IV et Marguerite de Valois s'y sont mariés le 18 août 1572
Bossuet y a prononcé l'oraison funèbre d'Henriette d'Angleterre en 1687
Le roi de Rome a été baptisé à Notre-Dame en 1811
En janvier 1910 Notre-Dame est inondée
Le pape Jean-Paul II est venu à Notre-Dame en 1980 et 1997
Le 15 novembre 2015 le glas sonne 15 minutes en hommage aux victimes des attentats de l'avant-veille
David a peint le Sacre de Napoléon qui représente l'intérieur de Notre-Dame et se trouve actuellement à Versailles
Notre-Dame mesure 127 m de longueur
Les tours de Notre-Dame mesurent 59 mètres
Les plus grandes rosaces ont un diamètre de 13.10 m
Le point de départ de 14 routes nationales se trouve sur le parvis de la cathédrale Notre-Dame
Le principal portail de la cathédrale est consacré au Jugement dernier
Un des portails de Notre-Dame raconte la vie du premier martyr chrétien, St Jean
L'architecte Viollet-le-Duc a notamment été choisi comme modèle pour une statue de St Thomas.
Les Mays sont des sculptures installées dans les bas-côtés à motif floraux
Mgr Affre, qui est inhumé dans la capitale a été fusillé en 1871
Mgr Darboy a été tué lors de la révolution de 1848, il est inhumé dans la cathédrale
Trois archevêques de Paris ayant connu une mort violente sont inhumés dans la cathédrale
On peut voir dans le trésor de la cathédrale une chemise de St Louis
Notre-Dame est la plus vaste cathédrale de France
 
Statistiques - réponses
Réponse % Correct
650 pompiers sont intervenu sur l'incendie de 2019
42%
Victor Hugo a écrit Notre-Dame de Paris en 1831
42%
Le 15 novembre 2015 le glas sonne 15 minutes en hommage aux victimes des attentats de l'avant-veille
25%
Le pape Jean-Paul II est venu à Notre-Dame en 1980 et 1997
25%
340000 donateurs ont donné plus de 800 millions d'euros pour la restauration de Notre-Dame
17%
Avant l'incendie, elle recevait entre 13 et 14 millions de visiteurs par an
17%
La cathédrale est située sur l'île de la Cité à Paris
17%
La construction a débuté par le choeur
17%
Notre-Dame mesure 127 m de longueur
17%
Quand débute la construction de Notre-Dame, Paris compte environ 25000 habitants
17%
Affre, Sibour et Darboy Trois archevêques de Paris ayant connu une mort violente sont inhumés dans la cathédrale
17%
A la Libération de Paris en 1944 on y a chanté un Magnificat
8%
L'architecte Viollet-le-Duc a notamment été choisi comme modèle pour une statue de St Thomas.
8%
Le futur Henri IV et Marguerite de Valois s'y sont mariés le 18 août 1572
8%
Le point de départ de 14 routes nationales se trouve sur le parvis de la cathédrale Notre-Dame
8%
Le principal portail de la cathédrale est consacré au Jugement dernier
8%
Les plus grandes rosaces ont un diamètre de 13.10 m
8%
Les premiers états généraux du royaume se sont tenus à Notre-Dame en 1302
8%
L'évêque qui a lancé sa construction portait le même nom qu'un ministre de Henri IV
8%
L'incendie qui a détruit la toiture a eu lieu le lendemain des Rameaux en 2019
8%
Notre-Dame est la cinquième église à être édifiée sur le site
8%
Une partie des vitraux médiévaux ont été détruits en 1756
8%
Un incendie aurait détruit la charpente supérieure en 1225/1230
8%
La construction de Notre-Dame débute sous le règne de Louis VII
0%
Le roi de Rome a été baptisé à Notre-Dame en 1811
0%
Lors de la restauration du XIXe on a remplacé plus de 100 statues
0%
On a célébré à Notre-Dame le culte de la déesse Raison
0%
On peut voir dans le trésor de la cathédrale une chemise de St Louis
0%
Aucun quiz correspondant
Distribution des résultats
% des personnes avec chaque résultat
Percentile par nombre de réponses
Votre historique - résultats
Vous n’avez pas pris ce quiz